000
00324nam a22001457a 4500
003
SGT
082
_a
535.58,BAR
100
_a
BARUAH,G.D
245
_a
ESSENTIALS OF LEASERS AND NONLINEAR OPTICS
250
_a
1ST
260
_a
MEERUT
_b
PRAGATI PRAKASHAN
_c
2016
300
_a
273
650
_a
PHYSICS
942
_2
ddc
_c
FPS
_0
2
999
_c
10046
_d
10046